000 00435nam a2200205Ia 4500
001 109803
003 YMCAF
005 20230512162402.0
008 100717s2003 ||||||||||||||||| ||und|d
024 _a109803
035 _aWB790
040 _aYMCAF
_beng
_cIN-KoLT
041 _aeng
100 _aMelnyk, Paul
245 0 _aDB2- complete reference
250 _a3rd
260 _bTMH
_c2003
300 _a1036
942 _2ddc
_cBK
999 _c11625
_d11625